000 00720nam a2200193 i 4500
001 141498
003 ES-MaACL
005 20240207200422.0
007 t|
008 070925s1909 sp ||||1| spa d
100 1 _aVillegas, Baldomero.
_9115202
245 1 3 _aLa cuestión de las cuestiones
_b: discurso leído en el Ateneo de Valladolid en el aniversario de la muerte de Cervantes /
_cBaldomero Villegas.
260 _a[Valladolid] :
_bTip. del Colegio de Santiago,
_c1909.
300 _aVII, 9-31 p. ;
_c21 cm.
600 0 _aCervantes Saavedra, Miguel de,
_d1547-1616-
_jAniversarios y centenarios
_9221674
710 2 _aAteneo de Valladolid.
_92031
852 _aES-MaACL
_jT-1173-F-5
999 _c141498
_d141498